| 000 | 00455nam a2200133Ia 4500 | ||
|---|---|---|---|
| 008 | 160809s9999 xx 000 0 und d | ||
| 100 | _aHwang, Ung. | ||
| 245 | _aComputer Vision Based Smoke Detection Method by Using Colour and Object Tracking | ||
| 245 | _cUng Hwang and Jechang Jeong. | ||
| 260 | _bComputer Science and Information Technology | ||
| 260 | _cFebruary 2016 | ||
| 650 | _xINFORMATION TECHNOLOGY | ||
| 856 | _uhttp://airccse.org/V6N50.html | ||
| 999 |
_c300070 _d300070 |
||